000 00828nam a2200229Ia 4500
003 GCL
005 20240530110859.0
008 140319s1999 ua 000 0 ara d
016 _a1999/10829
_2مصر. دار الكتب
020 _a9770163716
040 _aGCL /
_cGCL
082 0 4 _a303.482/
_bم ق
100 0 _aميلاد حنا
245 1 0 _aقبول الاخر /
_cميلاد حنا
260 _aالقاهرة :
_bالهيئة المصرية العامة للكتاب،
_c1999.
300 _a210 ص. ؛
_c24 سم.
490 0 _aمهرجان القراءة للجميع : مكتبة الاسرة : سلسلة الاعمال الفكرية.
650 0 7 _2qrmak
_aالتغير الاجتماعى
650 0 7 _2qrmak
_aالاحوال الاجتماعية
650 0 7 _2qrmak
_aقبول الاخر
942 _2ddc
_cBK
999 _c66100
_d66100